Yüklüyor......
Iliad
| Yazar: | |
|---|---|
| Materyal Türü: | Printed Book |
| Baskı/Yayın Bilgisi: |
Great Britain
Wordsworth Classics
2003
|
| LEADER | 00381nam a22001337a 4500 | ||
|---|---|---|---|
| 999 | |c 243460 |d 243460 | ||
| 020 | |a 1853262420 | ||
| 082 | |a 822 |b HOM | ||
| 100 | |a Homer | ||
| 245 | |a Iliad | ||
| 260 | |a Great Britain |b Wordsworth Classics |c 2003 | ||
| 300 | |a 425 | ||
| 942 | |c BK | ||
| 952 | |0 0 |1 0 |4 0 |6 822_000000000000000_HOM |7 0 |9 258741 |a GER |b GER |d 2020-01-01 |l 0 |o 822 HOM |p GER10761 |r 2020-01-01 |w 2020-01-01 |y BK | ||